000 00678nam a2200241Ia 4500
003 OSt
005 20220925215703.0
006 a|||||r|||| 00| 0
007 ta
008 220923b |||||||| |||| 00| 0 eng d
037 _cGeneral Book
040 _aRTL
_cRTL
_beng
041 _2eng
_aeng
082 _aX:952, L6
100 _aPlumbley P R
_9127405
245 0 _aRecruitment and selection
250 _a2nd
260 _aLondon
_bInstitute of personnel management publication UK
_c1976
300 _a215p. Bib p 187-213
_ccm.
650 _aEmployment and service
_9236902
942 _hX:952, L6
_cGB
_2CC
999 _c569460
_d569460